01919 2200397 4500035002000000001002100020005001700041006001900058007000300077008004100080856016500121020001900286040002700305082002100332084001900353100004900372245008500421250001500506264004200521264001500563300003300578336002400611337003300635338002600668504003700694520057700731650002401308650003301332650002301365650003601388850001301424990002101437990002101458990002101479990002101500 a0010-0122001557INLIS00000000089472620190522132843.0a g b 0|0 0 ta190507s2017 yoi g b 0|0 0 ind d x http://opac.perpusnas.go.id/uploaded_files/sampul_koleksi/original/Monograf/1163113.JPG?rnd=935533771y http://opac.perpusnas.go.id/DetailOpac.aspx?id=1163113  a 9786021351109 a JKPNPNA b ind e rda0 2 [23]a 610.732  a 610.732 FIT k0 a Fitri Respati Ambarwati d 1969- e penulis10a Konsep kebutuhan dasar manusia / c oleh, Fitri Respati Ambarwati, SKM, M. Kes. a Cetakan I 1a Yogyakarta : b Parama Ilmu, c 2017 0a © 2017 a xii, 184 halaman ; c 21 cm 2 rdacontenta Teks  2 rdamediaa Tanpa perantara  2 rdacarriera Volume  a Bibliografi : halaman 375 - 3773 a Konsep Kebutuhan Dasar Manusia yang hadir di hadapan para pembaca ini di tujukan untuk mahasiswa keperawatan dan kebidanan serta para praktisi kesehatan dalam memberikan asuhan keperawatan dasar kepada klien,di dalam buku ini membahas tentang : kebutuhan dasar manusia, pemenuhan kebutuhan nutrisi, pemenuhan kebutuhan cairan dan elektrolit, pemenuhan kebutuhan eliminasi, higiene personal dan lingkungan rumah sakit, konsep kehilangan, konsep oksigensi, konsep dasar infeksi keselamatan dan keamanan, konsep dasar mobilisasi, konsep dasar aktivitas, istirahat dan tidur. 4a Perawatan di rumah 4a Manusia, Pengaruh alam pada 4a Kesehatan jasmani 4a Perawat dan perawatan prabedah a JKPNPNA a 201900103045073 a 201900103045076 a 201900103045075 a 201900103045074